000 00283nam a2200109Ia 4500
008 151213s9999 xx 000 0 und d
245 _aBalanchine Protection & Opportunity
260 _aWashington D. C
_bThe World Book
_c2000
300 _a1964 p.
650 _aReference
999 _c1433
_d1433